000 00793nam a2200229Ia 4500
005 20250108125054.0
008 008 250107s9999 xx 000 0 hin d
020 _a81-87772-80-8
037 _aTB
040 _aCRL
_bhin
_cCRL
041 _ahin
_2hin
084 _aV2,1y7N58 R3
084 _qCRL
100 _aदेवसरे, हरिकृष्ण, संपा.
245 0 _aभारतीय बाल साहित्य
_cदेवसरे, हरिकृष्ण, संपा.
260 _aनई दिल्ली, भारत
_bसाहित्य अकादमी
_c3215
300 _a618पृ0
365 _aINR
_b630
650 _aहिन्दी साहित्य
942 _cTB
_hV2,1y7N58 R3
999 _c1235603
_d1235603